Library of the University of Algiers 3
Ibrahim Sultan Cheibout
شعار جامعة الجزائر 3
مكتبة جامعة الجزائر 3
إبراهيم سلطان شيبوط

المدخل إلى أسس علم الإقتصاد / (رقم التسجيلة. 45665)

تفاصيل مارك
000 -LEADER
fixed length control field 01965nam a2200229Ia 4500
003 - CONTROL NUMBER IDENTIFIER
control field Ost
005 - DATE AND TIME OF LATEST TRANSACTION
control field 20260507075654.0
008 - FIXED-LENGTH DATA ELEMENTS--GENERAL INFORMATION
fixed length control field 260507s9999||||xx |||||||||||||| ||und||
040 ## - CATALOGING SOURCE
Transcribing agency fsecg
041 ## - LANGUAGE CODE
Language code of text/sound track or separate title ara
082 ## - DEWEY DECIMAL CLASSIFICATION NUMBER
Classification number 330.1
100 ## - MAIN ENTRY--PERSONAL NAME
Personal name محمد الهاشم، اسماعيل
Relator term مؤلف
245 #0 - TITLE STATEMENT
Title المدخل إلى أسس علم الإقتصاد /
Statement of responsibility, etc. اسماعيل محمد الهاشم
260 ## - PUBLICATION, DISTRIBUTION, ETC.
Place of publication, distribution, etc. الاسكندرية:
Name of publisher, distributor, etc. المكتب العربي الحديث,
Date of publication, distribution, etc. 2005
300 ## - PHYSICAL DESCRIPTION
Extent 599 صفحة؛
Other physical details إيضاحات ؛
Dimensions 24 سم
504 ## - BIBLIOGRAPHY, ETC. NOTE
Bibliography, etc. note المراجع ص.586
520 ## - SUMMARY, ETC.
Summary, etc. علم الاقتصاد وموضوع الدراسات الاقتصادية: علم الاقتصاد، المشكلة الاقتصادية، طبيعة ووظائف النظام الاقتصادي، السوق، القيمة: نظرية القيمة، تحليل المنفعة، منحنيات السواء، الطلب، العرض، الطلب والعرض وتحليل ثمن السلعة، الانتاج: الانتاج، العلاقة بين المستخدم والمنتج، منحنيات الايراد، التكاليف، توازن المؤسسة في ظل المنافسة الكاملة، أسواق المنافسة غير الكاملة، المنافسة الاحتكارية، الاحتكار، التمييز الاحتكاري، منافسة القلة، تدخل الحكومة في تحديد الأثمان، التوزيع: نظرية التوزيع، نظرية الانتاجية الحدية، الأجور، الريع، الفائدة، الربح، الأثمان في الاقتصاد الاشتراكي، الدخل القومي والتنمية والتخطيط والسكان: الدخل القومي، التنمية والتخطيط الاقتصادي، السكان.
653 ## - INDEX TERM--UNCONTROLLED
Uncontrolled term التخطيط الاقتصادي
653 ## - INDEX TERM--UNCONTROLLED
Uncontrolled term التنمية الاقتصادية
653 ## - INDEX TERM--UNCONTROLLED
Uncontrolled term علم الإقتصاد
942 ## - ADDED ENTRY ELEMENTS (KOHA)
Koha item type كتب
المقتنيات
Withdrawn status Lost status Source of classification or shelving scheme Damaged status Not for loan Home library Current library Date acquired Serial enumeration / chronology Inventory number Total checkouts Full call number Barcode Date last seen Price effective from Koha item type
    Dewey Decimal Classification   Available مكتبة كلية العلوم الإقتصادية والعلوم التجارية وعلوم التسيير مكتبة كلية العلوم الإقتصادية والعلوم التجارية وعلوم التسيير 07/05/2026 الطابق الثاني 1802/9   أ/1802ن9 1802/9 07/05/2026 07/05/2026 كتب

موارد الويب المفتوحة


© University of Algiers 3 All Rights Reserved
|
Implemented by LECHELAH Riad